000 00674nas a2200229 4500
001 BR0801690
003 BR-BrBNA
005 20231205111731.0
007 ta
008 230509b bl.|||p| |||| 00| 00por d
040 _aBR-BrBNA
_bpor
_cBiblioteca Nacional de Agricultura
041 _a(Pt)
072 _aL74
100 1 _aSamaille, J.P.
100 1 _aCheuiche, A.J. de V.
245 1 _aCólicas em equinos: o que sabemos e o que não sabemos
650 _aEQUINO
650 _aCÓLICA
773 0 _tA Hora Veterinária (Brazil)
_xISSN 0101-9163
_g(Jan-Feb 2006), v. 25(149) p. 42-44
_wBR0801690
909 _a202311
_bLúcia
_c55
_dLúcia Elande
942 _2AGRIS
_n0
_cANA
999 _c194220
_d194220